| 000 -LEADER |
| fixed length control field |
00799nam a2200205Ia 4500 |
| 001 - CONTROL NUMBER |
| control field |
2078 |
| 003 - CONTROL NUMBER IDENTIFIER |
| control field |
GE_BSU |
| 005 - DATE AND TIME OF LATEST TRANSACTION |
| control field |
20221024114235.0 |
| 008 - FIXED-LENGTH DATA ELEMENTS--GENERAL INFORMATION |
| fixed length control field |
181216s2001ru xx |||||||||||||| ||rus|| |
| 040 ## - CATALOGING SOURCE |
| Transcribing agency |
GE_BSU |
| 041 ## - LANGUAGE CODE |
| Language code of text/sound track or separate title |
rus |
| 080 ## - UNIVERSAL DECIMAL CLASSIFICATION NUMBER |
| Universal Decimal Classification number |
821.113.1 М-91 |
| 245 ## - TITLE STATEMENT |
| Title |
От Мериме до Барбюса / |
| Remainder of title |
Книга для чтения на фр. языке в старших классах средн. шк. 8-9 кл. / |
| Statement of responsibility, etc. |
Сост. Лариса Мурадова |
| 264 ## - PRODUCTION, PUBLICATION, DISTRIBUTION, MANUFACTURE, AND COPYRIGHT NOTICE |
| Place of production, publication, distribution, manufacture |
Москва : |
| Name of producer, publisher, distributor, manufacturer |
Рольф, |
| Date of production, publication, distribution, manufacture, or copyright notice |
2001. |
| 300 ## - PHYSICAL DESCRIPTION |
| Extent |
192 стр.: |
| Other physical details |
с илл. |
| 653 ## - INDEX TERM--UNCONTROLLED |
| keyword |
От Мериме до Барбюса |
| 653 ## - INDEX TERM--UNCONTROLLED |
| keyword |
მერიმეიდან ბარბუსამდე |
| 700 ## - ADDED ENTRY--PERSONAL NAME |
| Personal name |
Мурадова, Лариса |
| Relator term |
შემდგენელი |
| 9 (RLIN) |
15472 |
| 942 ## - ADDED ENTRY ELEMENTS (KOHA) |
| Koha item type |
წიგნი |
| Source of classification or shelving scheme |
|